000 00270nam a22001337a 4500
008 190305b xxu||||| |||| 00| 0 eng d
020 _a471717150
041 _aeng
080 _a531
100 _a43
101 _aFIZ
245 _aPhysics
_cResnick
942 _2udc
_cBK
999 _c54530
_d54530